LEADER 00441nab a2200145 i 4500 001 000000273625 003 CaOOAMICUS 005 20100817000000.0 008 100817n xx uu u0 0und r 013 $a21971 040 $aSeMil$bita 245 10$a[SENZA TITOLO]. 500 $a4 Agosto 1920 - Anno 1. 773 0 $t7. Centenario di S. Domenico, 1221-1921.$dBologna : [s.n.], 1920-1922$w()68822 996 $6245$a[SENZA TITOLO]$9(OLS)http://semarc/title/354609 LEADER 01046nam a2200253 4500 001 000000357978 003 CaOOAMICUS 005 20240411142402.0 008 240411s2012 it 000 u ita r 020 $a978-88-514-1088-9 040 $aSeMil$bita 100 1 $aCazzulani, Guglielmo,$c.$0(OLS)http://semarc/name/46381 245 10$aNon sembrava nemmeno Dio :$bparole sul mistero del Natale /$cGuglielmo Cazzulani. 264 1$aMilano :$bÀncora,$c2012. 300 $a176 p. ;$c19 cm 490 1 $aLe àncore 650 4$aNatale - Meditazioni.$0(OLS)http://semarc/subject/7608 830 3$aLe àncore.$0(OLS)http://semarc/title/9339 850 $aSeMil 852 $aSeMil$W1$xVenegono$y1$m2C I 765$j249897$B249099$CSeMilBibl$Z2$F249099 $81 996 $6020$a978-88-514-1088-9$9(OLS)http://semarc/number/300206 996 $6245$aNon sembrava nemmeno Dio :$bparole sul mistero del Natale$9(OLS)http://semarc/title/448256 996 $6264$aMilano :$bÀncora$9(OLS)http://semarc/publisher/29763